|
|
|
|
| LEADER |
00000nam a2200000 a 4500 |
| 001 |
vtls011739854 |
| 003 |
SK-MaSNL |
| 005 |
20260301223049.0 |
| 008 |
240318s2017 xo o g 000 0 slo |
| 015 |
|
|
|a SNBA2018/03
|
| 020 |
|
|
|a 9788097244897
|q (brož.)
|
| 035 |
|
|
|a urn:nbn:sk:snk-am00d10c
|
| 035 |
|
|
|a urn:nbn:sk:snk-am3hi00
|
| 035 |
|
|
|a 565874D1-2A0A-405A-A066-719AE80AACD4
|
| 040 |
|
|
|a SNK
|b slo
|c SNK
|e AACR2
|
| 041 |
0 |
|
|a slo
|b ita
|
| 043 |
|
|
|a e-xo---
|
| 044 |
|
|
|a xo
|c SK
|
| 072 |
|
7 |
|a 78
|x Hudba
|2 konspekt
|
| 080 |
|
|
|a 78:061
|2 2011
|
| 080 |
|
|
|a (082.2)
|2 2011
|
| 080 |
|
|
|a (437.6)
|2 2011
|
| 100 |
1 |
|
|a Hacková, Magdaléna
|4 aut
|9 341639
|
| 245 |
1 |
0 |
|a Miešaný spevácky zbor Kysuca so sídlom v meste Čadca
|c [autorka Magdaléna Hacková ; fotografie: Ľubica Podoláková, Zuzana Priečková, Tibor Paštrnák]
|
| 260 |
|
|
|a Čadca
|b Magma
|c 2017
|
| 300 |
|
|
|a 90 s.
|b fotogr. (prevažne fareb.)
|c 30 cm
|
| 500 |
|
|
|a Názov z obalu
|
| 500 |
|
|
|a Spoluvydavateľ Mesto Čadca
|
| 546 |
|
|
|a Talianske resumé
|
| 610 |
2 |
7 |
|a Kysuca (spevácky zbor)
|2 SNKKA
|9 169062
|
| 650 |
0 |
7 |
|a spevácke zbory
|2 SNKPH
|9 3197
|
| 650 |
0 |
7 |
|a Choirs (music)
|2 SNKPHeng
|9 268103
|
| 651 |
|
7 |
|a Čadca (Slovensko)
|2 SNKPH
|9 28627
|
| 651 |
|
7 |
|a Čadca (Slovakia)
|2 SNKPHeng
|9 195592
|
| 655 |
|
7 |
|a jubilejné publikácie
|2 SNKPH
|9 70339
|
| 655 |
|
7 |
|a Jubilee books
|2 SNKPHeng
|9 281827
|
| 700 |
1 |
|
|a Podoláková, Ľubica,
|d 1978-
|4 pht
|9 183963
|
| 700 |
1 |
|
|a Priečková, Zuzana
|4 pht
|9 356872
|
| 700 |
1 |
|
|a Paštrnák, Tibor,
|d 1982-
|4 pht
|9 213243
|
| 710 |
1 |
|
|a Čadca (Slovensko).
|b Mestský úrad
|4 pbl
|9 177723
|
| 919 |
|
|
|a 978-80-972448-9-7
|
| 999 |
|
|
|c 942012
|d 943942
|
| 952 |
|
|
|a SNK
|b SNK
|y PREZ
|7 0
|p 17A1308332
|o snkSB 92436
|i snk2018/2891
|8 0
|0 0
|1 0
|4 0
|d 2018-01-31
|f 1
|l 0
|r 2025-05-14 00:00:00
|w 2026-02-24
|
| 952 |
|
|
|a SNK
|b SNK
|y VYP
|7 0
|p 17A1308334
|o snkSB 92436 D1
|i snk2018/2892
|8 0
|0 0
|1 0
|4 0
|d 2018-01-31
|l 0
|r 2026-02-24 09:22:27
|w 2026-02-24
|